| 000 | 00456cam a2200157 a 4500 | ||
|---|---|---|---|
| 020 | _a0256228965 (alk. paper) | ||
| 040 | _cDLC | ||
| 082 | 0 | 0 | _a658 IRW 2000 A042 Or. |
| 100 | 1 | _aMcShane, Steven Lattimore. | |
| 245 | 1 | 0 | _aOrganizational behavior / |
| 260 |
_aBoston : _bIrwin/McGraw-Hill, _cc2000. |
||
| 300 |
_axxv, 709 p. : _bill. (chiefly col.) ; _c28 cm. |
||
| 650 | 0 | _aOrganizational behavior. | |
| 700 | 1 | _aVon Glinow, Mary Ann Young, | |
| 942 | _cEK | ||
| 999 |
_c12444 _d12444 |
||